000 00735cam a2200241 4500
001 D2299
008 090401t1930 xxu||||| |||| 00| 0 eng d
035 _a(Sirsi) u68506
041 _aeng
050 _a692.30968
110 _aChapter of South African Institute of Quantity Surveyors
_92101
245 _aStandard system of measuring builders` work in South Africa
250 _a2nd
260 _aJohannesburg
_bChapter of South African Institute of Qu
_c1930
300 _aix. 109p. 22cm
350 _a0.53
520 _aFiled at SMM 1930/1B
650 _aMeasurement
_96256
650 _aSOUTH AFRICA
650 _aBUILT ENVIRONMENT-QUANTITY SURVEYING-STANDARD METHOD OF MEASURMENT
942 _n0
948 _c04/03/1997
999 _c95112
_d95112